Central Library OPAC University of Rajshahi

চণ্ডীদাস ও বিদ্যাপতি / (Record no. 64844)

MARC details
000 -LEADER
fixed length control field 00851nam a2200217 a 4500
001 - CONTROL NUMBER
control field 64844
003 - CONTROL NUMBER IDENTIFIER
rucl marc code BD-RjUL
005 - DATE AND TIME OF LATEST TRANSACTION
control field 20260422104728.0
008 - FIXED-LENGTH DATA ELEMENTS--GENERAL INFORMATION
fixed length control field 161106s1960 ii ||||| |||| 00| 0 ben d
035 ## - SYSTEM CONTROL NUMBER
System control number (BD-RjUL)64844
040 ## - CATALOGING SOURCE
Original cataloging agency BD-RjUL
Language of cataloging ben
Transcribing agency BD-RjUL
041 ## - LANGUAGE CODE
Language code of text/sound track or separate title ben
082 ## - DEWEY DECIMAL CLASSIFICATION NUMBER
Edition number 23
Classification number 891.44109
Author mark and year BAC 1960
100 ## - MAIN ENTRY--PERSONAL NAME
Personal name বসু, শঙ্করী প্রসাদ
9 (RLIN) 162252
245 10 - TITLE STATEMENT
Title চণ্ডীদাস ও বিদ্যাপতি /
Statement of responsibility, etc. শঙ্করী প্রসাদ বসু
260 ## - PUBLICATION, DISTRIBUTION, ETC. (IMPRINT)
Place of publication, distribution, etc. কলিকাতা :
Name of publisher, distributor, etc. বুকল্যাণ্ড,
Date of publication, distribution, etc. ১৯৬০ [১৩৬৭]
300 ## - PHYSICAL DESCRIPTION
Pagination ৫৫২ প. ;
Size ২৩ সেমি.
650 ## - SUBJECT ADDED ENTRY--TOPICAL TERM
Topical term or geographic name as entry element বাংলা কবিতা
General subdivision ইতিহাস ও সমালোচনা
9 (RLIN) 162253
Topical term or geographic name as entry element Bengali Poetry
General subdivision History and Criticism
9 (RLIN) 162254
942 ## - ADDED ENTRY ELEMENTS (KOHA)
Source of classification or shelving scheme Dewey Decimal Classification
Koha item type Books
Holdings
Lost status Source of classification or shelving scheme Damaged status Not for loan Collection code Permanent Location Current Location Shelving location Date acquired Source of acquisition Cost, normal purchase price Total Checkouts Full call number Date last seen Copy number Koha item type
  Dewey Decimal Classification   Not For Loan Non-fiction Central Library, University of Rajshahi Central Library, University of Rajshahi Reading Room 22/01/1965 Dhaka, Ideal Library 14.06   B 891.44109 BAC 1960 23/02/2017 C-1 Books